| 000 | 00649cam a22002171a 4500 | ||
|---|---|---|---|
| 001 | sa 68000831 | ||
| 003 | DLC | ||
| 005 | 20260227112427.0 | ||
| 008 | 891115s1966 ii 000 0 hin | ||
| 010 | _asa 68000831 | ||
| 035 | _a(OCoLC)20653240 | ||
| 040 |
_aDLC _cNRU _dDLC |
||
| 042 | _apremarc | ||
| 050 | 0 | 0 |
_aPK1931 _b.J6 |
| 100 | 1 |
_aJoshi, Babu Rao, _d1919- |
|
| 245 | 1 | 0 |
_aPrabandha-prasun̄a; _bvyākaraṇa, rasa-chanda-alaṇkāra, kavi-paricaya va nibandha. _cLekhaka Bābūrāva Jośī. |
| 260 |
_aGvāliyara, _bKailāśa Pustaka Sadana _c[1966] |
||
| 300 |
_a6, 435 p. _c18 cm. |
||
| 500 | _aIn Hindi. | ||
| 650 | 0 | _aHindi philology. | |
| 999 |
_c77485 _d77485 |
||